000 00697nam a22001817a 4500
005 20251108173048.0
008 250721s2005 xx 000 0 ara d
020 _a9957380141
082 1 4 _a818/ علي
100 1 _aعليان، ربحي مصطفى
245 1 0 _aأوراق ملونة :كتاب يجمع بين الحكمة و القول المأثور و الشعر و المثل الشعبي و الطرفة و المعلومة النادرة في إطار أدبي /
264 1 _aعمان :
_bدار جرير للنشر و التوزيع،
_c2005.
300 _a160 ص
650 1 7 _aالأدب العربي
650 1 7 _aمنوعات أدبية
942 _2ddc
_cBK
999 _c95194
_d95194